[Event "Morelia/Linares 24th"]
[Site "Morelia/Linares"]
[Date "2007.02.19"]
[Round "3"]
[White "Svidler, Peter"]
[Black "Ivanchuk, Vassily"]
[Result "1/2-1/2"]
[WhiteElo "2728"]
[BlackElo "2750"]
[Annotator "Marin,M"]
[PlyCount "106"]
[EventDate "2007.02.17"]
[EventType "tourn"]
[EventRounds "14"]
[EventCountry "ESP"]
[EventCategory "20"]
[SourceTitle "CBM 117"]
[Source "ChessBase"]
[SourceDate "2007.03.30"]
[SourceVersion "1"]
[SourceVersionDate "2007.03.30"]
[SourceQuality "1"]

1. e4 e5 2. Nf3 Nf6 3. Nxe5 d6 4. Nf3 Nxe4 5. d4 d5 6. Bd3 Bd6 7. O-O O-O 8. c4
c6 9. Re1 Bf5 10. Qb3 {Both players had some experience with this position.
Black has achieved some activity in the centre, but faces some problems
completing the development of his queenside. As it so often happens,
developing the bishop earlier than the knight leaves the b7-square vulnerable.}
Qd7 ({A relatively rare move, which from the point of view of the general
rules of development might seem a bit paradoxical. Black moves his queen
before developing the knight, blocking the d7-square at the same time. In
doing so, he relies on the fact that White does not dispose over simple means
of developing his initiative, partly because of the active placement of the
black minor pieces in the centre. The more common continuation is} 10... Na6 {
, indirectly defending the b7-pawn (11.Qxb7 would be met by 11...Nb4). However,
in the long run the knight might remain passive on the edge of the board.
Ivanchuk had his first contact with this position 14 years ago:} 11. cxd5 ({
In a more recent game, Svidler preferred} 11. Nc3 dxc4 12. Bxc4 Nxc3 13. bxc3
b5 14. Bf1 Nc7 15. Bg5 Qc8 16. Bh4 a5 17. Bg3 a4 18. Qb2 Bxg3 19. hxg3 Nd5 20.
c4 bxc4 21. Bxc4 {with easier play for White, who went on winning a long
ending, Svidler-Morozevich, San Luis 2005.}) 11... cxd5 12. Nc3 Bb4 13. Nxe4
dxe4 14. Bxe4 Bxe1 15. Bxf5 {with interesting play in Anand-Ivanchuk,
Amber-blind 1993. White has excellent compensation for the exchange, in view
of his active pair of bishops and better coordination of forces. Apparently,
Ivanchuk liked White's play in this game, since he later tried it himself.
However, Black deviated with 12...Be6, when White retained a small plus with
13.Nb5, Ivanchuk-Shirov, Monte Carlo 2000.}) 11. Nc3 Nxc3 12. Bxf5 Qxf5 13.
Qxb7 $5 ({This is the first game in which White decides to capture this pawn,
although the move has been suggested in some comments already. Earlier this
year, Svidler failed to obtain any significant advantage after} 13. bxc3 b6 14.
cxd5 cxd5 15. Ba3 Bxa3 16. Qxa3 Nc6 17. h3 Qd7 18. Ne5 Nxe5 19. Rxe5 Rae8 20.
Rae1 Re6 21. Rxe6 {and a draw was agreed in Svidler-Kramnik, Wijk aan Zee 2007.
}) 13... Qd7 14. Qxd7 Nxd7 15. c5 ({The series of intermediate moves continues.
After the neutral} 15. bxc3 dxc4 16. Nd2 Nb6 {Black enjoys stability on light
squares.}) 15... Bxh2+ $5 ({An instructive moment. Black's central pawns are
not weak, but could become so if any of the c5- or d4-squares would become
available to the white minor pieces. The move played by Ivanchuk is the only
one to avoid such a situation. For instance, if} 15... Bxc5 16. dxc5 Ne4 {then}
17. Nd4 Ndxc5 18. f3 Nf6 19. Nxc6 {with better chances for White.}) ({Or,
similarly,} 15... Ne4 16. cxd6 Nxd6 17. Bf4 Ne4 18. Rac1 {and Black will
probably have to play ...c5 anyway.}) 16. Nxh2 Ne4 17. Bf4 Rfe8 18. f3 Nef6 19.
Nf1 Nf8 {The position remains complicated. The pawn structure is rather
assymetrical, while the force of the white bishop cannot be evaluated
unilaterally. In principle, it puts some pressure on Black, but its activity
is restricted by the own central pawns, which could transform it in a "bad"
bishop in case of mass simplifications. Another important aspects is the
hidden weakness of the c6- and d4-pawns. Neither of them is in imemdiate
danger, but they need permanent care.} 20. Rxe8 Rxe8 21. Rd1 Re7 22. Nd2 Ne6
23. Be5 a5 24. Nb3 Ra7 25. a4 {Blocking the a5-pawn on a dark square, but
ruining the flexibility of the own structure at the same time.} ({The pawn
structure arising after} 25. Bxf6 gxf6 26. a4 f5 {is not necessarily
favourable for White, because of the excellent placement of the black knight
and the relative weakness of the g3-square.}) 25... Nh5 {Untill now, Black has
been defending. Once the queenside situation has been stabilized, he starts
active operations on the other wing, where he has a mobile pawn majority.} 26.
Re1 h6 27. Kf2 Nhf4 28. Re3 h5 29. g3 {White prevents the blocking move ...h4,
but weakens the f3-square.} Nh3+ 30. Ke1 g5 31. Nc1 g4 32. fxg4 hxg4 33. Rb3
Nhg5 {Black's initiative has reached alarming heights. He only needs to
approach with his king in order to create decisive threats.} 34. Bb8 $5 ({
This was probably not intended as an active move (the bishop is not doing
anything special on b8) but as a form of preserving it from the exchange
operation ...Nf3+xe5 followed by ...Nxc5. White needs the c5-pawn in order to
generate counterplay after the probable elimination of Black's c6-pawn.} 34.
Rb8+ Kh7 35. Nb3 {would have solved thisproblem, but helped Black centralise
his king at the same time. For instance} Kg6 36. Rb6 Kf5 37. Rxc6 f6 38. Bd6
Rh7 {and the situation of White's king looks dangerous. It might all end with
a perpetual, but this is hard to foresee during the game.}) 34... Rd7 (34...
Re7 {is worth considering.}) 35. Ne2 Nf3+ 36. Kd1 Nfxd4 37. Nxd4 Nxd4 38. Rb6
Re7 {For the time being, Black has managed to keep his c6-pawn on board, but
the knight is stuck on d4, blocking the own d-pawn.} 39. b4 axb4 40. a5 Re3 41.
Rxb4 Nb5 42. Kd2 Re8 43. Rxg4+ Kh7 44. Bd6 d4 45. Bf4 Ra8 46. Rh4+ Kg7 47. Be5+
f6 48. Rg4+ Kf7 49. Rf4 Ke6 50. Bxd4 Nxd4 51. Rxd4 Rxa5 52. Rd6+ Ke5 53. Rxc6 {
Finally.} Ra3 {Admittedly, even in Sofia they would call it a day.} 1/2-1/2

[Event "Chess Champions League"]
[Site "Vitoria Gasteiz"]
[Date "2007.11.06"]
[Round "4"]
[White "Nisipeanu, Liviu Dieter"]
[Black "Karpov, Anatoly"]
[Result "1/2-1/2"]
[WhiteElo "2668"]
[BlackElo "2670"]
[Annotator "Marin,M"]
[PlyCount "53"]
[EventDate "2007.11.02"]
[EventType "tourn"]
[EventRounds "10"]
[EventCountry "ESP"]
[EventCategory "19"]
[SourceTitle "CBM 121"]
[Source "ChessBase"]
[SourceDate "2007.11.14"]
[SourceVersion "1"]
[SourceVersionDate "2007.11.14"]
[SourceQuality "1"]

1. e4 e5 2. Nf3 Nf6 3. Nxe5 d6 4. Nf3 Nxe4 5. Nc3 Nxc3 6. dxc3 Be7 7. Be3 O-O
8. Qd2 Nd7 9. O-O-O Ne5 10. Be2 $5 {This move was considered inaccurate
because of a small tcatical detail.} (10. h4 {Anand (2792)-Gelfand (2733)/
Mexico 2007/CBM 120/[Marin] (1/2-1/2, 22)}) (10. h3 {Leko,P (2751)-Gelfand,B 
(2733)/Mexico City 2007/CBM 120/[Marin] (1/2-1/2, 100)}) 10... Ng4 {[%csl Rf2]
The f2-pawn is hanging now, which prevents the desirable answer Bf4.} 11. Bd3
$5 {This is not Nisipeanu's novelty, but it was played for the first time by a
Romanian girl! White relies on the fact that the capture on e3 would leave
White with a lead in development.} (11. Bd4 c5 $132 {Naiditsch,A (2612)
-Kramnik,V (2744)/Dortmund 2005/CBM 108/[Huzman] (1/2-1/2, 58)}) 11... d5 $146
(11... Nxe3 12. Qxe3 Re8 13. Kb1 Bf6 14. Qf4 Bd7 15. h4 $5 ({This looks like a
more efficient continuation of the attack than} 15. g4 $6 Bc6 16. Rhg1 Be5 $11
{Gheorghe,C-Ionescu Brandis,I/Eforie Nord 2002/EXT 2003 (0-1, 35)}) 15... Bc6
16. Ng5 g6 (16... h6 {avoids immediate danger, but the weakness of the light
squares could become a problem later.}) 17. Nxh7 $5 (17. Bc4 d5 18. Bxd5 Bxd5
19. c4 $14) 17... Kxh7 18. h5 $40) 12. Bf4 ({Now,} 12. Kb1 {is less indicated,
because Black is not forced to capture on e3 in any way and can continue
occupying the centre with} c5 {, maintaining ...Nxe3 in reserve.}) 12... c5 13.
c4 d4 14. h3 Nf6 {White has stabilized the situation in the centre and is
slightly better developed. However, if White's initiative is extinguished,
Black's advantage in space in the centre will offer him a good game.} 15. Rde1
{White does not question Black's stability in the centre in any way and relies
on piece pressure only. Judging from the further course of the game, this
might be not the best approach.} ({True, the immediate} 15. c3 {is strongly
met by} Qa5 $1 {[%csl Ra2][%cal Gd4c3] , hitting a2 and threatening to spoil
White's queenside structure with ...dxc3.}) ({An improved form of this plan
would be} 15. Rhe1 Re8 16. Kb1 Bd7 17. c3 $36 {[+]. It is true that in this
case White's king's position would become more vulnerable than in the game.
That's life, you cannot get something without giving away something else...})
15... Re8 16. Ng5 Bd7 17. h4 h6 18. Nf3 {[%csl Rf7,Rg6][%cal Gf3e5,Gh4h5]
Black did not threaten to capture the knight yet, but White did not find any
way of continuing his attack and switches his attention to the centre.} Ng4 19.
Ne5 Nxe5 20. Rxe5 Bf8 21. Rxe8 Bxe8 22. Be5 Bc6 {Black has regrouped in
optimal way and has at least equal play. White has to be circumspect already.}
23. Qf4 Qd7 (23... Bxg2 $2 24. Rg1 Bc6 25. Qxh6 $18) 24. Bb8 $5 {An original
move, but White is not sufficiently well mobilized to prevent the development
of the enemy rook.} (24. Bf5 Qe7 {[%csl Re5][%cal Ga8e8]}) 24... Qc8 ({With
his bishop hanging on b8, it is not entirely clear whether White could punish
the courageous (and greedy!)} 24... Bxg2 25. Rg1 Qh3) 25. Be5 Qd7 ({With the
bishop on e5,} 25... Bxg2 26. Rg1 Qh3 {is slightly more dangerous. Black
cannot free himself easily, while White can improve his position gradually.}
27. b3 Re8 28. Kb2 Qf3 $6 29. Qh2 $1) 26. Bb8 Qc8 27. Be5 1/2-1/2

[Event "World-ch Tournament"]
[Site "Mexico City"]
[Date "2007.09.13"]
[Round "1"]
[White "Anand, Viswanathan"]
[Black "Gelfand, Boris"]
[Result "1/2-1/2"]
[WhiteElo "2792"]
[BlackElo "2733"]
[Annotator "Marin,M"]
[PlyCount "44"]
[EventDate "2007.09.13"]
[EventType "tourn"]
[EventRounds "14"]
[EventCountry "MEX"]
[EventCategory "21"]
[SourceTitle "CBM 120"]
[Source "ChessBase"]
[SourceDate "2007.10.02"]
[SourceVersion "1"]
[SourceVersionDate "2007.10.02"]
[SourceQuality "1"]

1. e4 e5 2. Nf3 Nf6 {Gelfand is a renowned Najdorf specialist. However, for
such important events he seems to prefer more solid openings. He defeated
Kasimdzhanov with the Petroff Defence in the third and last game of their
play-off in Elista, but it should be said the result of the opening was
anything but encouraging for Black. Gelfand ist anerkannter Najdorf-Spezialist.
Doch bei derart wichtigen Veranstalungen scheint er solidere Eröffnungen zu
bevorzugen. Mit Russisch schlug er in der dritten und letzten Tiebreak-Partie
in Elista Kasimdzhanov, allerdings muss man sagen, dass das Resultat der
Eröffnung für Schwarz alles andere als ermutigend war.} 3. Nxe5 d6 4. Nf3 Nxe4
5. Nc3 Nxc3 6. dxc3 Be7 7. Be3 Nd7 8. Qd2 Ne5 9. O-O-O O-O 10. h4 {White
starts advancing his kingside pawns, openly declaring his intentions to mate
the enemy king. His own king is out of any immediate danger. Weiß beginnt,
seine Bauern am Königsflügel vorzurücken, womit er offen seine Absichten
erklärt, den feindlichen König mattzusetzen. Sein eigener König schwebt in
keiner unmittelbaren Gefahr.} Re8 {Black has several ways to continue his
development. Schwarz hat diverse Wege, seine Entwicklung fortzusetzen.} (10...
Bg4 {looks an active continuation, but after sieht nach einer aktiven
Fortsetzung aus, doch nach} 11. Be2 {he has problems maintaining the tension
without making any other concession. The immediate threat is Nxe5 Bxe2, Nxf7!.
Capturing on f3 would open the g-file for attack, so that the slightly
unappealing hat er Probleme, die Spannung ohne irgendeine weitere Konzession
zu halten. Die unmittelbare Drohung lautet Nxe5 Bxe2, Nxf7!. Das Schlagen auf
f3 für die g-Linie für den Angriff öffnen, so dass das leicht unansehnliche}
Qc8 {is necessary. However, White has failed to prove anything concrete in
practice so far. nötig ist. Allerdings ist es Weiß bisher nicht gelungen, in
der Praxis etwas Konkretes nachzuweisen.} 12. Kb1 (12. b3 Re8 13. Kb1 Bf8 {
Topalov,V (2778)-Kramnik,V (2753)/Sofia 2005/CBM 107/[Huzman] (1/2-1/2, 52)})
12... Re8 13. h5 Bf8 $13 14. Rde1 a6 15. h6 g6 16. Nxe5 $6 {If this is
necessary, White's whole strategy is mistaken. Wenn das nötig ist, ist die
gesamte Strategie von Weiß verfehlt.} dxe5 {White has practically no
compensation for his spoiled pawn structure. Weiß hat praktische keine
Kompensation für seine entwertete Bauernstruktur.} 17. f3 Be6 18. Bg5 Qd7 19.
Qe3 Bd5 20. Rd1 Qe6 21. b3 b5 22. Bh4 c6 $15 {Jakovenko,D (2667)-Wang Hao 
(2610)/Taiyuan 2006/ (1-0, 58)}) 11. h5 Bf6 (11... Ng4 12. Bd3 Nxe3 13. Qxe3
Bf6 {loses too much time and leaves Black underdeveloped and under serious
pressure after verliert zuviel Zeit; Schwarz bleibt unterentwickelt und unter
ernsten Druck nach} 14. Qf4 h6 15. Kb1 Bd7 16. Rde1 Rxe1+ 17. Rxe1 d5 18. g4
$14 {Kasimdzhanov,R (2670)-Mamedyarov,S (2674)/Baku 2005 (0-1, 43)}) 12. Nh2
$146 {This is a thematic manoeuvre in this variation. White clears the way for
the f-pawn and hopes to question the stability of the f6-bishop with a further
knight jump to g4. However, nobody retreated with the knight in this concrete
position yet. Dies ist ein thematisches Manöver in dieser Variante. Weiß macht
den Weg für den f-Bauern frei und hofft, mit einem weiteren Springersatz nach
g4 die Stabilität des f6-Läufers in Frage zu stellen. In dieser konkreten
Stellung allerdings ist noch niemand mit dem Springer zurückgegangen.} (12. Kb1
h6 (12... a6 13. Nh2 {Svidler,P (2740)-Kramnik,V (2739)/Moscow 2005/CBM 111 
(1-0, 48)}) 13. Nh2 Ng4 14. Nxg4 Bxg4 15. f3 Bd7 16. Bd3 Bg5 17. Bxg5 Qxg5 18.
Qxg5 hxg5 19. Be4 Rab8 {Karjakin,S (2660)-Dominguez,L (2638)/Cuernavaca 2006/
CBM 112 (1/2-1/2, 50). Despite his seemingly active position, White has to be
careful, because too many of his pawns are placed on light squares. Trotz
seiner scheinbar aktiven Stellung muss Weiß aufpassen, da zu viele seiner
Bauern auf weißen Feldern stehen.}) 12... h6 13. Be2 Be6 14. f4 {However, this
might be a bit exaggerated. Black did not do anything wrong yet (he just
developed in natural way) to deserve such a treatment. White weakens his
central squares, while his centralisation is far from optimal. Just look at
his knight. Aber dies könnte ein wenig übertrieben sein. Schwarz hat noch
nichts falsch gemacht (er hat sich einfach natürlich entwickelt), um eine
solche Behandlung zu verdienen. Weiß schwächt seine Zentralfelder, während
seine Zentralisation bei weitem nicht optimal ist. Man betrachte nur seinen
Springer.} (14. b3 {[%csl Yc4][%cal Gf2f4] fails to bother Black because of
kann Schwarz nicht beunruhigen wegen} Qd7 15. f4 $6 Ng4 $15) (14. g4 {might be
a better way to continue the attack. könnte ein besserer Weg sein, den Angriff
fortzusetzen.} Nc4 (14... Qd7 15. g5 $40) (14... Qe7 15. Rdg1 $40) ({The
greedy Das gierige} 14... Bxa2 {does not lose the bishop as it might seem, but
does not prevent White's attacking plan in any way. verliert nicht, wie man
meinen könnte, den Läufer, verhindert aber auch in keinster Weise den weißen
Angriffsplan.} 15. f4 $1 (15. b3 a5 16. Kb2 a4 17. Kxa2 $2 axb3+ $40 18. Kxb3
Qd7 19. Ra1 Qe6+ 20. Kb2 Nc4+ 21. Bxc4 Qxc4 $19) 15... Nc4 16. Bxc4 Bxc4 17. g5
$36) 15. Bxc4 Bxc4 16. b3 (16. Rhg1 Re5 17. b3 Rd5 {somewhat reduces White's
attacking potential. reduziert das weiße Angriffspotential ein wenig.}) 16...
Bb5 17. Rhg1 $40) 14... Nc4 15. Bxc4 Bxc4 {After the elimination of White's
light-squared bishop, Black can regroup easier. Nach der Eliminierung des
gegnerischen weißfeldrigen Läufers kann Schwarz sich leichter umgruppieren.}
16. b3 $6 {White's desire is to force the bishop to choose between the two
available diagonals as soon as possible, but this move weakens the c3-pawn.
Weiß möchte den Läufer so bald wie möglich zwingen, sich zwischen den beiden
verfügbaren Diagonalen zu entscheiden, doch dieser Zug schwächt den c3-Bauern.}
(16. g4 {was better, although less efficient than in the previous comment,
because White has weakened his squares along the e-file prematurely, allowing
Black to provoke favourable simplifications. war besser, wenngleich weniger
wirksam als im vorigen Kommentar, da Weiß verfrüht seine Felder in der e-Linie
geschwächt, wodurch Schwarz vorteilhafte Vereinfachungen herbeiführen kann.}
Qe7 17. Rde1 Bh4 18. Bf2 Qf6 $13) 16... Bb5 ({This is the kind of move one
plays without too much thought. However, Black had here the stunning Dies ist
die Art von Zug, die man ohne allzu großes Nachdenken spielt. Aber an dieser
Stelle hatte Schwarz das verblüffende} 16... c5 $3 {(suggested by Frederic
Friedel during the live transmission on Chessbase.com) at his disposal. The
idea is simple: to clear the queen's way to a5 and deprive the white bishop of
access to d4. With his knight on h2 and his bishop relatively inactive and
slightly hanging, White would have faced serious problems of coordination. 
(vorgeschlagen von Frederic Friedel während der Liveübertragung auf Chessbase.
com) zur Verfügung. Die Idee ist einfach: der Dame wird der Weg nach a5
freigemacht und dem Läufer der Zugang zu d4 verwehrt. Mit seinem Springer auf
h2 sowie seinem relativ inaktiven und leicht hängenden Läufer hätte Weiß vor
ernsten Koordinationsproblemen gestanden.} 17. Rhe1 (17. bxc4 Qa5 $40 18. Kb2
$2 Qb4+ $1 $19) (17. Kb2 b5 $1 18. Ng4 b4 19. Nxf6+ Qxf6 $36 20. bxc4 $2 bxc3+
21. Qxc3 Rab8+ $19) (17. Ng4 Be6 {[%csl Ge3][%cal Ye6g4]} 18. Nxf6+ {
(Unfortunately, forced) (Erzwungen, leider)} Qxf6 $17 {[%csl Yg4,Yh5] but this
would leave his light squares desperately weak. , doch danach wären seine
weißen Felder hoffnungslos schwach.}) 17... b5 18. Ng4 Be6 19. Nxf6+ Qxf6 20.
Qxd6 Qxc3 21. Qe5 Qa5 $36) 17. Rhg1 $6 {A mysterious move. Anand might have
wanted to prepare Ng4xf6+ followed by g4-g5. Ein mysteriöser Zug. Vielleicht
wollte Anand Ng4xf6+ nebst g4-g5 vorbereiten.} (17. Ng4 Bd7 $1 18. Nxf6+ Qxf6
$17 {[%csl Yg4,Yh5]}) (17. Rhe1 Bh4 18. Bf2 Bxf2 19. Qxf2 a5 $132 20. a4 $6 Bd7
{[%cal Yb7b5]}) (17. g4 {was still to be preferred. war noch immer vorzuziehen.
} Qe7 $13) 17... Re4 {Yummy! What a square... Lecker! Was für ein Feld...} 18.
Ng4 Qe7 19. Rde1 Re8 20. Bf2 Qd8 $15 {Just in time. To be compared with the
way Grischuk exchanged rooks, keeping his kingside defended at the same time.
Gerade rechtzeitig. Zu vergleichen mit der Art und Weise, wie Grischuk die
Türme tauschte und gleichzeitig die Verteidigung seines Königsflügels
aufrechthielt.} 21. Rxe4 Rxe4 22. Re1 $6 Rxe1+ $6 $15 ({Black had the simple
tactic Schwarz hatte den einfachen Trick} 22... Rxf4 $1 {winning a pawn. , was
einen Bauern gewinnt.} 23. Nxf6+ (23. Qxf4 $2 Bg5 $19) 23... Qxf6 $17 {After
the game, Anand stated that both opponents calculated the same way out for
White, which does not work actually. I do not know which variation that could
be. Nach der Partie sagte Anand, dass beide Gegner denselben Ausweg für Weiß
berechnet hätten, der tatsächlich aber nicht funktioniert. Ich weiß nicht,
welche Variante das sein könnte.}) ({Personally, I would prefer Black's
position even after Ich persönlich würde die Stellung von Schwarz sogar nach} 
22... Rxe1+ {The light squared bishop looks sooo powerful! He could retreat
with his bishop to f8 and then make some progress in the centre (b6, c5, etc..)
bevorzugen. Der weißfeldrige Läufer sieht sooo mächtig aus! Er könnte mit
seinem Läufer nach f8 zurückgehen und dann Fortschritte im Zentrum machen (b6,
c5 usw...)}) 1/2-1/2